000 01095nam a22001937a 4500
003 OSt
005 20221006165103.0
008 190801b xxu||||| |||| 00| 0 eng d
020 _a9788125901983
040 _cWIUC-GH
050 _aRT41.J15
100 _aJacob, Alphonsa
_9554
245 _aFundamentals of nursing: vol 1. /
_bAlphonsa Jacob
260 _aNew Delhi :
_bVikas Publishing,
_c1996.
300 _axviii, 427 p.:
505 _aContents : History of nursing -- Brief introduction to nursing -- Role of nurse in a health team -- Legal and ethical aspects of nursing --Hospital -- Care of hospital articles -- Medical asepsis -- Admission procedure -- Physical examination -- Application of principles of effective body mechanics -- Need for physical comfort and safety -- Bed making -- Hygienic needs -- Rest and sleep needs -- Observational needs -- Nutritional needs Elimination needs -- Oxygenation needs -- Need for fluid and electrolyte balance -- Exercises -- Recreation -- Records and reports -- Administration of medicines --
650 _aNursing
_9102
942 _2lcc
_cBK
999 _c9263
_d16763